Main Frasier Characters and Actors - Statistics

General Stats
  • This quiz has been taken 111 times
  • The average score is 8 of 10
Answer Stats
Answer % Correct
Frasier Crane
97%
Niles Crane
97%
Daphne Moon
93%
Kelsey Grammer
92%
Roz Doyle
91%
Martin Crane
88%
David Hyde Pierce
74%
Peri Gilpin
60%
Jane Leeves
58%
John Mahoney
58%
No matching quizzes found
Score Distribution
Percent of People with Each Score
Percentile by Number Answered
Your Score History
You have not taken this quiz